| 000 | 01554cam a2200349 i 4500 | ||
|---|---|---|---|
| 999 |
_c6025 _d6025 |
||
| 001 | 19169185 | ||
| 003 | OSt | ||
| 005 | 20260127104221.0 | ||
| 008 | 150209s2015 enk j 000 f eng | ||
| 010 | _a 2016438324 | ||
| 020 |
_a9781405276177 _qpbk. |
||
| 035 | _a19169185 | ||
| 040 |
_aDLC _beng _cDLC _erda _dDLC _dKH8 |
||
| 042 | _apcc | ||
| 082 | _aFIC WOO | ||
| 100 | 1 |
_aWoodfine, Katherine, _d1983- _eauthor. |
|
| 245 | 1 | 4 |
_aThe clockwork sparrow / _cKatherine Woodfine. |
| 264 | 1 |
_aLondon : _bEgmont, _c2015. |
|
| 300 |
_a312 pages ; _c20 cm |
||
| 336 |
_atext _2rdacontent |
||
| 337 |
_aunmediated _2rdamedia |
||
| 338 |
_avolume _2rdacarrier |
||
| 490 |
_aThe Sinclair's Mysteries _vbook 1 |
||
| 520 |
_aYou are cordially invited to attend the grand opening of Sinclair's Department Store. Enter a world of bonbons, hats, perfumes and mysteries around every corner. Wonder at the daring theft of the priceless Clockwork Sparrow! Tremble as the most dastardly criminals in London enact their wicked plans! Gasp as our bold heroines, Miss Sophie Taylor and Miss Lilian Rose, break codes, devour iced buns and vow to bring the villains to justice ... A splendid adventure awaits you -- _cSource other than Library of Congress. |
||
| 650 | 0 |
_aThieves _vJuvenile fiction. |
|
| 650 | 0 | _aDetective and mystery stories. | |
| 655 | 0 | _aChildren's stories. | |
| 655 | 7 |
_aFiction. _2lcgft _0https://id.loc.gov/authorities/genreForms/gf2014026339 |
|
| 700 |
_aSarda, Julia, _eillustrator. |
||
| 830 | _aThe Sinclair's Mysteries | ||
| 942 |
_2ddc _cFIC |
||